000 00972nam a22001817a 4500
008 100419t2008 xxu||||gr|||| 00| 0 ara d
020 _a9789770923061
082 _222
_bف ا ر
_a330.962
100 _913605
_aفاروق،عبد الخالق.
245 _aجذور الفساد الإدارى فى مصر:
_bبيئة العمل و سياسات الأجور و المرتبات فى مصر 1963-2002 /
_cعبد الخالق فاروق
260 _aالقاهرة :
_bدار الشروق،2008.
_c2008.
300 _a374ص.:
_b؛ايض
_c24 سم.
651 _98202
_aمصر
_yالأحوال السياسية
651 _913710
_aمصر
_xالأحوال الاجتماعية
651 _913709
_aمصر
_xالأحوال الاقتصادية
942 _2ddc
_cBB
999 _c13914
_d13914